Toutes les sortes de Kinder : - Statistiques

Statistiques générales
  • Ce quiz a été pris 803 fois
    797 depuis la dernière actualisation
  • Le résultat moyen est 8 sur 13
Statistiques - réponses
Hint Réponse % Correct
2 Kinder Bueno
88%
3 Kinder Bueno White
84%
12 Kinder Surprise
79%
5 Kinder Country
77%
9 Kinder Maxi King
76%
8 Kinder Maxi
75%
4 Kinder Choco Fresh
66%
10 Kinder Pinguí
64%
1 Kinder
53%
7 Kinder Joy
49%
11 Kinder Schoko-Bons
25%
6 Kinder Délice
21%
13 Kinder Tranche Au Lait
5%
Aucun quiz correspondant
Distribution des résultats
% des personnes avec chaque résultat
Percentile par nombre de réponses
Votre historique - résultats
Vous n’avez pas pris ce quiz depuis la dernière actualisation